00555nam a2200193 a 4500001001300000003000900013005001700022008004100039020002300080082001600103100002100119245005700140260004400197300000900241500003500250505003400285650002100319700002100340nice12345678IN_TiNIC20260116012724.0050524s1988 lona grp 000 0 eng  a0193568 c18000a954.91bGIL aGilmartin, David aEmpire and Islamb Punjab and the Making of Pakistan aLondan bOxford University Press c1988 a258p aincludes index and biblioraphy2 aGlossary, Bibliography, Index aPakistan-History1 aGilmartin, David